000 00871cpcaa2200253 a 4500
001 mm 79001906
003 DLC
005 20260227111639.0
008 800102|||||||||||| eng
010 _amm 79001906
040 _aDLC
_cDLC
_edacs
_dDLC
072 7 _aW
_2lcmd
100 1 _aTegetthoff, Wilhelm.
245 0 0 _aWilhelm Tegetthoff correspondence,
_f1867 August 4.
300 _a1
_fitem.
506 0 _aOpen to research.
520 8 _aALS (Washington, D.C.) from Tegetthoff.
545 0 _aAustrian naval officer.
546 _aCollection material in English.
580 _aForms part of: Miscellaneous Manuscripts collection.
610 1 0 _aAustria.
_bKriegsmarine
_xOfficers.
656 7 _aNaval officers, Austrian.
_2itoamc
999 _c41015
_d41015